[Event "WYCC 2018 G14"]
[Site "Halkidiki"]
[Date "2018.10.28"]
[Round "9"]
[White "Kong, Sydney"]
[Black "Tamrazyan, Gohar"]
[Result "1/2-1/2"]
[WhiteElo "1659"]
[BlackElo "1824"]
[Annotator "NA"]
[PlyCount "100"]
[EventDate "2018.10.20"]
[EventType "swiss"]
[EventCountry "GRE"]
[SourceTitle "playchess.com"]
[Source "ChessBase"]
[SourceQuality "1"]
[TimeControl "40/5400+30:1800+30"]

1. e4 {[%emt 0:00:00]} c5 {[%emt 0:00:00]} 2. Nf3 {[%emt 0:00:00]} Nc6 {[%emt 0:00:00]} 3. d4 {[%emt 0:00:00]} cxd4 {[%emt 0:00:00]} 4. Nxd4 {[%emt 0:00:00]} e5 {[%emt 0:00:00]} 5. Nf5 {[%emt 0:01:36]} d6 {[%emt 0:00:09]} 6. Ne3 {[%emt 0:00:14]} Nge7 {[%emt 0:04:54]} 7. Bc4 {[%emt 0:04:32]} Ng6 {[%emt 0:04:14]} 8. Nc3 {[%emt 0:06:56]} Be6 {[%emt 0:04:53]} 9. Ned5 {[%emt 0:07:45]} Be7 {[%emt 0:05:58]} 10. Be3 {[%emt 0:05:03]} O-O {[%emt 0:01:52]} 11. Qd2 {[%emt 0:06:58]} Nh4 {[%emt 0:05:41]} 12. f3 {[%emt 0:03:46]} Rc8 {[%emt 0:17:08]} 13. Nxe7+ {[%emt 0:02:37]} Nxe7 {[%emt 0:02:21]} 14. Bxe6 {[%emt 0:00:51]} fxe6 {[%emt 0:00:08]} 15. Qf2 {[%emt 0:11:25]} Nc6 {[%emt 0:02:26]} 16. Qd2 {[%emt 0:05:07]} Ng6 {[%emt 0:13:25]} 17. O-O-O {[%emt 0:01:48]} Nf4 {[%emt 0:08:42]} 18. Bxf4 {[%emt 0:03:38]} exf4 {[%emt 0:01:00]} 19. Qxd6 {[%emt 0:01:18]} Qxd6 {[%emt 0:00:08]} 20. Rxd6 {[%emt 0:00:02]} e5 {[%emt 0:00:28]} 21. Rd7 {[%emt 0:01:05]} Rf7 {[%emt 0:00:41]} 22. Rhd1 {[%emt 0:00:41]} Nd4 {[%emt 0:01:06]} 23. Rd5 {[%emt 0:02:49]} Re7 {[%emt 0:02:53]} 24. Rd2 {[%emt 0:01:07]} Kf7 {[%emt 0:04:08]} 25. Nb5 {[%emt 0:02:05]} Nxb5 {[%emt 0:00:34]} 26. Rxb5 {[%emt 0:00:22]} Rc6 {[%emt 0:00:38]} 27. Rdd5 {[%emt 0:02:31]} a6 {[%emt 0:02:51]} 28. Rbc5 {[%emt 0:00:50]} Rxc5 {[%emt 0:02:08]} 29. Rxc5 {[%emt 0:00:02]} Kf6 {[%emt 0:04:08]} 30. Kd2 {[%emt 0:01:04]} g5 {[%emt 0:02:42]} 31. c4 {[%emt 0:02:36]} Rg7 {[%emt 0:01:15]} 32. h3 {[%emt 0:00:48]} h5 {[%emt 0:00:41]} 33. Ke2 {[%emt 0:00:43]} g4 {[%emt 0:00:31]} 34. hxg4 {[%emt 0:01:01]} hxg4 {[%emt 0:00:02]} 35. fxg4 {[%emt 0:00:32]} Rxg4 {[%emt 0:00:12]} 36. Kf2 {[%emt 0:00:10]} Rg7 {[%emt 0:03:59]} 37. Rd5 {[%emt 0:01:29]} Ke6 {[%emt 0:00:26]} 38. Rd3 {[%emt 0:00:41]} Rc7 {[%emt 0:02:16]} 39. Rc3 {[%emt 0:00:34]} Rd7 {[%emt 0:00:44]} 40. Kf3 {[%emt 0:00:00]} Rd4 {[%emt 0:00:00]} 41. Rb3 {[%emt 0:05:34]} Rxc4 {[%emt 0:10:46]} 42. Rxb7 {[%emt 0:00:02]} Rc2 {[%emt 0:08:21]} 43. g3 fxg3 {[%emt 0:00:23]} 44. Kxg3 {[%emt 0:01:50]} Kd6 {[%emt 0:00:23]} 45. Rb3 {[%emt 0:01:34]} Rd2 {[%emt 0:02:38]} 46. Kf3 {[%emt 0:03:54]} Kc5 {[%emt 0:01:19]} 47. Ke3 {[%emt 0:01:04]} Rh2 {[%emt 0:00:10]} 48. Rb8 {[%emt 0:01:34]} Rh3+ {[%emt 0:00:39]} 49. Kd2 {[%emt 0:01:04]} Rh4 {[%emt 0:03:25]} 50. Kd3 {[%emt 0:04:35]} Rh3+ {[%emt 0:00:15]} 1/2-1/2

[Event "WYCC 2018 G14"]
[Site "Halkidiki"]
[Date "2018.10.28"]
[Round "9"]
[White "Figueroa Bernal, Julia Dennis"]
[Black "Murzina, Agata"]
[Result "0-1"]
[WhiteElo "1650"]
[BlackElo "1768"]
[Annotator "NA"]
[PlyCount "110"]
[EventDate "2018.10.20"]
[EventType "swiss"]
[EventCountry "GRE"]
[SourceTitle "playchess.com"]
[Source "ChessBase"]
[SourceQuality "1"]
[TimeControl "40/5400+30:1800+30"]

1. e4 {[%emt 0:00:00]} e6 {[%emt 0:00:55]} 2. d4 {[%emt 0:00:00]} d5 {[%emt 0:00:03]} 3. Nd2 {[%emt 0:00:00]} Nf6 {[%emt 0:00:09]} 4. e5 {[%emt 0:00:00]} Nfd7 {[%emt 0:00:06]} 5. Bd3 {[%emt 0:00:00]} c5 {[%emt 0:00:25]} 6. c3 {[%emt 0:00:05]} Nc6 {[%emt 0:00:05]} 7. Ne2 {[%emt 0:00:06]} cxd4 {[%emt 0:00:28]} 8. cxd4 {[%emt 0:00:08]} f6 {[%emt 0:00:14]} 9. exf6 {[%emt 0:00:10]} Nxf6 {[%emt 0:00:06]} 10. Nf3 {[%emt 0:00:05]} Bd6 {[%emt 0:00:11]} 11. O-O {[%emt 0:00:19]} O-O {[%emt 0:00:04]} 12. Re1 {[%emt 0:00:14]} Ng4 {[%emt 0:05:09]} 13. Nc3 {[%emt 0:13:14]} Bd7 {[%emt 0:38:41]} 14. Bxh7+ {[%emt 0:02:11]} Kxh7 {[%emt 0:00:04]} 15. Ng5+ {[%emt 0:00:08]} Qxg5 {[%emt 0:00:25]} 16. Bxg5 {[%emt 0:05:15]} Bxh2+ {[%emt 0:00:08]} 17. Kh1 {[%emt 0:00:11]} Nxf2+ {[%emt 0:00:05]} 18. Kxh2 {[%emt 0:00:09]} Nxd1 {[%emt 0:00:05]} 19. Raxd1 {[%emt 0:00:10]} Rf2 {[%emt 0:01:05]} 20. Re2 {[%emt 0:01:18]} Raf8 {[%emt 0:00:14]} 21. Kg3 {[%emt 0:00:27]} Rf1 {[%emt 0:01:03]} 22. Red2 {[%emt 0:01:53]} Kg6 {[%emt 0:00:24]} 23. Rxf1 {[%emt 0:01:28]} Rxf1 {[%emt 0:00:06]} 24. Be3 {[%emt 0:00:52]} Ne7 {[%emt 0:03:08]} 25. Bf2 {[%emt 0:01:46]} Nf5+ {[%emt 0:05:46]} 26. Kh2 {[%emt 0:00:39]} Nd6 {[%emt 0:00:30]} 27. Bg3 {[%emt 0:09:48]} Nc4 {[%emt 0:00:23]} 28. Rc2 {[%emt 0:06:16]} Ra1 {[%emt 0:12:46]} 29. b3 {[%emt 0:01:51]} Ne3 {[%emt 0:01:08]} 30. Rb2 {[%emt 0:02:13]} Kg5 {[%emt 0:05:46]} 31. Bb8 {[%emt 0:02:57]} a6 {[%emt 0:03:28]} 32. Na4 {[%emt 0:05:03]} Rd1 {[%emt 0:05:28]} 33. Nc5 {[%emt 0:08:41]} Bc8 {[%emt 0:00:14]} 34. Na4 {[%emt 0:10:32]} b5 {[%emt 0:08:09]} 35. Nb6 {[%emt 0:02:38]} Bb7 {[%emt 0:00:07]} 36. Re2 {[%emt 0:03:08]} Rd3 {[%emt 0:00:55]} 37. g3 {[%emt 0:01:05]} Ng4+ {[%emt 0:01:32]} 38. Kh3 {[%emt 0:00:07]} Kf5 {[%emt 0:00:37]} 39. Be5 {[%emt 0:01:02]} g6 {[%emt 0:04:22]} 40. Nd7 {[%emt 0:00:00]} Re3 {[%emt 0:00:00]} 41. Rxe3 {[%emt 0:02:09]} Nxe3 {[%emt 0:02:30]} 42. Nc5 {[%emt 0:04:11]} Bc8 {[%emt 0:00:07]} 43. Nd3 {[%emt 0:07:02]} g5 {[%emt 0:03:31]} 44. Nf2 {[%emt 0:03:10]} g4+ {[%emt 0:13:04]} 45. Kh4 {[%emt 0:02:58]} Bd7 {[%emt 0:00:09]} 46. Kh5 {[%emt 0:00:50]} a5 {[%emt 0:00:47]} 47. Nd3 {[%emt 0:03:04]} a4 {[%emt 0:02:11]} 48. Nc5 {[%emt 0:00:51]} Bc6 {[%emt 0:00:25]} 49. Kh6 {[%emt 0:01:43]} Nc2 {[%emt 0:00:38]} 50. Na6 {[%emt 0:05:04]} a3 {[%emt 0:08:37]} 51. b4 {[%emt 0:05:39]} Ke4 {[%emt 0:03:16]} 52. Nc5+ {[%emt 0:00:54]} Ke3 {[%emt 0:00:34]} 53. Kg5 {[%emt 0:03:16]} Nxb4 {[%emt 0:00:30]} 54. Kxg4 {[%emt 0:00:14]} Nxa2 {[%emt 0:00:07]} 55. Kh4 {[%emt 0:00:23]} b4 0-1

[Event "WYCC 2018 G14"]
[Site "Halkidiki"]
[Date "2018.10.28"]
[Round "9"]
[White "Kumar, Arya"]
[Black "Sim, Jia Ru"]
[Result "1-0"]
[WhiteElo "1619"]
[BlackElo "1979"]
[Annotator "NA"]
[PlyCount "85"]
[EventDate "2018.10.20"]
[EventType "swiss"]
[EventCountry "GRE"]
[SourceTitle "playchess.com"]
[Source "ChessBase"]
[SourceQuality "1"]
[TimeControl "40/5400+30:1800+30"]

1. e4 {[%emt 0:00:00]} c5 {[%emt 0:00:00]} 2. d4 {[%emt 0:00:00]} cxd4 {[%emt 0:00:06]} 3. c3 {[%emt 0:00:00]} dxc3 {[%emt 0:00:06]} 4. Nxc3 {[%emt 0:00:00]} Nc6 {[%emt 0:00:18]} 5. Nf3 {[%emt 0:00:04]} d6 {[%emt 0:00:07]} 6. Bc4 {[%emt 0:00:05]} e6 {[%emt 0:00:14]} 7. O-O {[%emt 0:00:07]} Nf6 {[%emt 0:00:09]} 8. Qe2 {[%emt 0:00:08]} Be7 {[%emt 0:00:07]} 9. Rd1 {[%emt 0:00:07]} e5 {[%emt 0:00:07]} 10. Be3 {[%emt 0:00:08]} O-O {[%emt 0:00:25]} 11. Rac1 {[%emt 0:00:07]} Be6 {[%emt 0:01:09]} 12. b4 {[%emt 0:00:52]} Nxb4 {[%emt 0:01:36]} 13. Nxe5 {[%emt 0:00:23]} Qa5 {[%emt 0:00:40]} 14. Nf3 {[%emt 0:01:41]} Bg4 {[%emt 0:23:46]} 15. h3 {[%emt 0:09:16]} Bxf3 {[%emt 0:00:22]} 16. Qxf3 {[%emt 0:00:15]} Rac8 {[%emt 0:00:32]} 17. Bb3 {[%emt 0:02:47]} Nc6 {[%emt 0:01:44]} 18. Nd5 {[%emt 0:11:32]} Nxd5 {[%emt 0:05:13]} 19. Bxd5 {[%emt 0:00:48]} Ne5 {[%emt 0:01:17]} 20. Qe2 {[%emt 0:01:13]} b5 {[%emt 0:08:26]} 21. f4 {[%emt 0:05:58]} Nd7 {[%emt 0:03:22]} 22. Bd4 {[%emt 0:08:21]} Rxc1 {[%emt 0:15:23]} 23. Rxc1 {[%emt 0:00:12]} Nf6 {[%emt 0:00:09]} 24. Bb3 {[%emt 0:05:37]} Qb4 {[%emt 0:09:33]} 25. Qe3 {[%emt 0:05:53]} Bd8 {[%emt 0:04:34]} 26. e5 {[%emt 0:07:59]} Re8 {[%emt 0:03:37]} 27. a3 {[%emt 0:11:21]} Qa5 {[%emt 0:01:56]} 28. Qf3 {[%emt 0:01:24]} Bb6 {[%emt 0:08:30]} 29. Bxb6 {[%emt 0:00:22]} Qxb6+ {[%emt 0:00:07]} 30. Kh1 {[%emt 0:00:36]} Nd7 {[%emt 0:00:21]} 31. Rc6 {[%emt 0:11:49]} Qa5 {[%emt 0:03:59]} 32. Qd5 {[%emt 0:01:21]} Rf8 {[%emt 0:05:55]} 33. Rxd6 {[%emt 0:01:57]} Qe1+ {[%emt 0:00:44]} 34. Kh2 {[%emt 0:00:10]} Qe3 {[%emt 0:00:51]} 35. Rxd7 {[%emt 0:01:42]} Qxf4+ {[%emt 0:00:07]} 36. g3 {[%emt 0:00:07]} Qf2+ {[%emt 0:00:25]} 37. Qg2 {[%emt 0:00:13]} Qc5 {[%emt 0:00:22]} 38. Qf3 {[%emt 0:02:21]} Kh8 {[%emt 0:00:32]} 39. Rxf7 {[%emt 0:05:04]} Rd8 {[%emt 0:00:37]} 40. Qf2 {[%emt 0:00:00]} Qxf2+ {[%emt 0:00:00]} 41. Rxf2 {[%emt 0:01:36]} a5 {[%emt 0:01:58]} 42. e6 {[%emt 0:00:10]} a4 {[%emt 0:07:39]} 43. e7 {[%emt 0:00:09]} 1-0

[Event "WYCC 2018 G14"]
[Site "Halkidiki"]
[Date "2018.10.28"]
[Round "9"]
[White "Tryggestad, Linnea Garberg"]
[Black "Somton, Anita"]
[Result "0-1"]
[WhiteElo "1604"]
[BlackElo "1787"]
[Annotator "NA RC"]
[PlyCount "60"]
[EventDate "2018.10.20"]
[EventType "swiss"]
[EventCountry "GRE"]
[SourceTitle "playchess.com"]
[Source "ChessBase"]
[SourceQuality "1"]
[TimeControl "40/5400+30:1800+30"]

1. d4 {[%emt 0:00:00]} d5 {[%emt 0:00:00]} 2. c4 {[%emt 0:00:00]} e6 {[%emt 0:00:13]} 3. Nc3 {[%emt 0:00:36]} Nf6 {[%emt 0:00:25]} 4. e3 {[%emt 0:00:36]} a6 {[%emt 0:00:36]} 5. Nf3 {[%emt 0:01:25]} Nbd7 {[%emt 0:00:34]} 6. Bd3 {[%emt 0:02:01]} dxc4 {[%emt 0:01:22]} 7. Bxc4 {[%emt 0:00:38]} b5 {[%emt 0:00:52]} 8. Bd3 {[%emt 0:02:01]} c5 {[%emt 0:01:03]} 9. Ne4 {[%emt 0:04:40]} Bb7 {[%emt 0:02:36]} 10. Nxf6+ {[%emt 0:06:24]} Nxf6 {[%emt 0:00:45]} 11. dxc5 {[%emt 0:01:12]} Bxc5 {[%emt 0:01:01]} 12. O-O {[%emt 0:01:34]} O-O {[%emt 0:03:23]} 13. Be2 {[%emt 0:05:47]} Qe7 {[%emt 0:02:22]} 14. a3 {[%emt 0:06:04]} Rfd8 {[%emt 0:02:03]} 15. Qe1 {[%emt 0:01:43]} Rac8 {[%emt 0:09:43]} 16. b4 {[%emt 0:02:25]} Bd6 {[%emt 0:02:37]} 17. Bb2 {[%emt 0:01:22]} Ng4 {[%emt 0:03:36]} 18. g3 {[%emt 0:06:22]} h5 {[%emt 0:03:27]} 19. h3 {[%emt 0:02:25]} Nh6 {[%emt 0:02:30]} 20. Be5 {[%emt 0:08:08]} g5 {[%emt 0:12:35]} 21. Bxd6 {[%emt 0:01:19]} Rxd6 {[%emt 0:00:25]} 22. Nh2 {[%emt 0:01:40]} g4 {[%emt 0:11:43]} 23. hxg4 {[%emt 0:05:30]} hxg4 {[%emt 0:02:07]} 24. Bxg4 {[%emt 0:09:56]} Nxg4 {[%emt 0:01:59]} 25. Nxg4 {[%emt 0:00:08]} Qg5 {[%emt 0:00:55]} 26. Nh2 {[%emt 0:03:25]} e5 {[%emt 0:01:38]} 27. Qe2 {[%emt 0:02:04]} Qh6 {[%emt 0:02:49]} 28. Qg4+ {[%emt 0:04:19]} Rg6 {[%emt 0:00:24]} 29. Qd7 {[%emt 0:00:52]} Rb8 {[%emt 0:02:16]} 30. Qc7 {[%emt 0:01:16]} Qxh2+ {[%emt 0:00:37]} 0-1

[Event "WYCC 2018 G14"]
[Site "Halkidiki"]
[Date "2018.10.28"]
[Round "9"]
[White "Alimova, Sevinch"]
[Black "Obada, Ema"]
[Result "1/2-1/2"]
[WhiteElo "1596"]
[BlackElo "1811"]
[Annotator "NA"]
[PlyCount "113"]
[EventDate "2018.10.20"]
[EventType "swiss"]
[EventCountry "GRE"]
[SourceTitle "playchess.com"]
[Source "ChessBase"]
[SourceQuality "1"]
[TimeControl "40/5400+30:1800+30"]

1. d4 {[%emt 0:00:00]} e6 {[%emt 0:00:00]} 2. c4 {[%emt 0:00:00]} Nf6 {[%emt 0:00:00]} 3. Nc3 {[%emt 0:00:00]} Bb4 {[%emt 0:00:00]} 4. e3 {[%emt 0:00:24]} O-O {[%emt 0:00:00]} 5. Bd3 {[%emt 0:01:11]} c5 {[%emt 0:00:47]} 6. a3 {[%emt 0:04:38]} Bxc3+ {[%emt 0:00:33]} 7. bxc3 {[%emt 0:00:16]} d6 {[%emt 0:00:21]} 8. Ne2 {[%emt 0:04:00]} Nc6 {[%emt 0:01:30]} 9. O-O {[%emt 0:01:19]} b6 {[%emt 0:03:50]} 10. e4 {[%emt 0:07:22]} e5 {[%emt 0:01:11]} 11. d5 {[%emt 0:05:43]} Na5 {[%emt 0:00:14]} 12. Ng3 {[%emt 0:03:27]} Ba6 {[%emt 0:33:28]} 13. Qe2 {[%emt 0:03:29]} Nb3 {[%emt 0:15:37]} 14. Rb1 {[%emt 0:01:44]} Nxc1 {[%emt 0:00:04]} 15. Rfxc1 {[%emt 0:04:34]} g6 {[%emt 0:02:20]} 16. Qc2 {[%emt 0:15:07]} Ne8 {[%emt 0:06:52]} 17. Rf1 {[%emt 0:02:40]} Qh4 {[%emt 0:02:12]} 18. f3 {[%emt 0:06:58]} Ng7 19. Qa4 {[%emt 0:05:36]} Bb7 {[%emt 0:05:59]} 20. Qd7 {[%emt 0:11:34]} Qg5 {[%emt 0:04:08]} 21. f4 {[%emt 0:11:51]} exf4 {[%emt 0:00:42]} 22. Ne2 {[%emt 0:00:36]} Bc8 {[%emt 0:04:44]} 23. Qxd6 {[%emt 0:01:20]} f3 {[%emt 0:00:17]} 24. Rxf3 {[%emt 0:01:11]} Bg4 {[%emt 0:00:28]} 25. Qf4 {[%emt 0:01:11]} Qh5 {[%emt 0:02:13]} 26. Ng3 {[%emt 0:01:05]} Qh4 {[%emt 0:00:07]} 27. Rf2 {[%emt 0:03:08]} f5 {[%emt 0:07:30]} 28. e5 {[%emt 0:01:03]} g5 {[%emt 0:00:16]} 29. Qd2 {[%emt 0:00:33]} f4 {[%emt 0:00:14]} 30. Ne4 {[%emt 0:00:33]} Nh5 {[%emt 0:01:24]} 31. Rbf1 {[%emt 0:00:53]} Rae8 {[%emt 0:00:58]} 32. g3 {[%emt 0:01:18]} fxg3 {[%emt 0:02:05]} 33. hxg3 {[%emt 0:00:07]} Nxg3 {[%emt 0:00:39]} 34. Rxf8+ {[%emt 0:00:30]} Rxf8 {[%emt 0:00:05]} 35. Rxf8+ {[%emt 0:00:02]} Kxf8 {[%emt 0:00:36]} 36. Qf2+ {[%emt 0:00:12]} Nf5 {[%emt 0:00:14]} 37. Qxh4 Nxh4 {[%emt 0:00:32]} 38. Nxg5 {[%emt 0:01:37]} h6 {[%emt 0:00:59]} 39. Nh7+ {[%emt 0:00:17]} Ke7 {[%emt 0:00:58]} 40. d6+ {[%emt 0:00:00]} Kf7 {[%emt 0:00:00]} 41. Be4 {[%emt 0:06:23]} Bf3 {[%emt 0:04:49]} 42. Bd3 {[%emt 0:08:04]} Bc6 {[%emt 0:00:14]} 43. Kf2 {[%emt 0:00:43]} Nf3 {[%emt 0:06:44]} 44. d7 {[%emt 0:03:59]} Ke7 {[%emt 0:00:05]} 45. e6 {[%emt 0:00:41]} Ne5 {[%emt 0:00:39]} 46. Be2 {[%emt 0:01:08]} Be4 {[%emt 0:02:01]} 47. Nf6 {[%emt 0:01:56]} Bf5 {[%emt 0:00:21]} 48. Nd5+ {[%emt 0:07:28]} Kd8 {[%emt 0:00:07]} 49. Nf4 {[%emt 0:00:26]} Nc6 {[%emt 0:01:14]} 50. Bf3 {[%emt 0:00:52]} Ne5 {[%emt 0:02:27]} 51. Bd5 {[%emt 0:01:22]} Ke7 {[%emt 0:05:03]} 52. Kg3 {[%emt 0:01:12]} Kd8 {[%emt 0:04:16]} 53. Nh5 {[%emt 0:00:29]} Ng6 {[%emt 0:01:24]} 54. Nf6 {[%emt 0:01:14]} Nf8 {[%emt 0:00:49]} 55. e7+ {[%emt 0:02:49]} Kxe7 {[%emt 0:00:04]} 56. Ng8+ {[%emt 0:00:11]} Kxd7 {[%emt 0:00:34]} 57. Nxh6 {[%emt 0:00:05]} 1/2-1/2

[Event "WYCC 2018 G14"]
[Site "Halkidiki"]
[Date "2018.10.29"]
[Round "10"]
[White "Ning, Kaiyu"]
[Black "Eizaguerri Floris, Maria"]
[Result "1-0"]
[WhiteElo "2217"]
[BlackElo "1987"]
[Annotator "TA"]
[PlyCount "157"]
[EventDate "2018.10.20"]
[EventType "swiss"]
[EventCountry "GRE"]
[SourceTitle "playchess.com"]
[Source "ChessBase"]
[SourceQuality "1"]

{[%evp 14,157,18,18,22,6,16,16,17,10,31,30,41,41,51,50,45,45,38,30,31,-40,-48,-33,-45,-40,-52,-44,-48,-74,-82,-92,-91,-150,-157,-151,-92,-133,-70,-98,-70,-58,-59,-79,-43,-49,-17,-20,57,44,87,0,45,0,0,0,105,0,65,23,29,27,27,28,36,26,29,-89,45,0,0,0,0,-15,0,-8,60,60,67,67,67,67,67,67,67,67,67,67,72,60,60,60,60,60,60,60,60,32,36,36,60,48,60,0,60,60,60,60,60,60,60,60,60,61,60,60,60,60,87,87,170,60,1487,1506,1376,1320,817,521,29976,29977,29978,29979,29981,29982,29982,29982,29982,29982,29982,29983,29984,29985,29985,29986,29988,29987]} 1. Nf3 d5 2. c4 e6 3. b3 Nf6 4. Bb2 b6 (4... c5 5. cxd5 exd5 6. g3 Nc6 7. Bg2 d4 8. O-O Be7 9. Na3 O-O 10. Nc4 Bf5 11. Rc1 Rc8 12. Nfe5 Nxe5 13. Nxe5 {½-½ (55) So,W (2780)-Aronian,L (2767) Saint Louis 2018}) 5. g3 Bb7 6. Bg2 {A13: English Opening: 1...e6} Bd6 7. O-O O-O 8. Nc3 {LiveBook: 22 Games. The position is equal.} c5 9. e3 dxc4 10. bxc4 Nc6 11. Qe2 Rc8 12. d3 Qe7 13. Nd2 $146 ({Predecessor:} 13. Rad1 Rfd8 14. Rfe1 {½-½ (26) Vunder,Y (2209)-Andreeva,Y (1871) St Petersburg 2010}) 13... Rfd8 14. f4 Bb8 15. Rad1 Rd7 16. a3 Rcd8 17. g4 (17. Nb3 $14) 17... Rxd3 $15 18. g5 Ne8 $1 19. Nd5 R3xd5 $1 20. cxd5 exd5 21. Qf2 b5 22. Nb3 c4 23. Nc1 (23. Nd4 $142) 23... a5 24. Rxd5 Ba7 25. Re1 b4 (25... Rxd5 $17 26. Bxd5 Nc7) 26. axb4 axb4 27. Bd4 $1 Nd6 28. Bxa7 Nxa7 29. Re5 Qc7 {[%mdl 1024] Black has compensation.} 30. e4 $1 Nc6 (30... Nab5 $11) 31. Rc5 $36 {[%mdl 2048] White is pushing.} c3 32. Rd1 ({White should try} 32. Nb3 $16) 32... Nc8 33. Rxd8+ Qxd8 34. Rd5 Qe7 {[#]} (34... Qc7 $1 $11 {keeps the balance.}) 35. Nb3 (35. Qc5 $1 $16) 35... Nd8 ({Black should play} 35... Qc7 $1 $11) 36. Re5 Qd7 37. Qd4 Qxd4+ 38. Nxd4 {[%cal Re5e8]} Nd6 $1 {Threatens to win with ...Nc6.} 39. Nb3 Kf8 40. Kf2 (40. Ra5 $11) 40... Ba6 (40... Ne6 $17 41. Ra5 Nxf4) 41. Bf1 Bxf1 42. Kxf1 $11 {[%mdl 4096] Endgame KRN-KNN} Ne6 43. Ra5 Nxe4 {aiming for ...c2.} 44. Ke2 c2 ({Don't play} 44... Nxf4+ $6 45. Ke3 $16) (44... Nd6 $11) 45. Kd3 $14 N4c5+ 46. Kxc2 Nxb3 47. Kxb3 Nxf4 48. Kxb4 {And now Ra8+ would win. KR-KN} Ke7 49. Kc4 Ke6 50. Kd4 f6 51. Ke4 fxg5 $1 52. Rxg5 Ng6 53. Rh5 h6 54. Ra5 Kf6 55. Kf3 {Black must now prevent Ke4.} Ne5+ 56. Kf4 Ng6+ 57. Kg4 Ne5+ 58. Kf4 Ng6+ 59. Ke4 Ne7 60. Rb5 Ng6 61. Rf5+ Ke6 62. Rf1 Ne7 63. Ra1 Kf6 64. Kf4 Ng6+ 65. Kg3 Ne7 66. Kg4 g6 (66... Ke6 $16 67. Re1+ Kf6 68. Rf1+ Kg6) 67. Kf4 (67. Ra6+ $18 Ke5 68. Rb6) 67... g5+ $2 {[%mdl 8192] [#]} (67... Nd5+ $14 68. Ke4 Ne7 69. Ra6+ Kg5) 68. Kg4 $1 $18 Ng6 69. Kh5 {Threatening mate with Ra6+.} Nf4+ 70. Kxh6 Nh3 71. Rf1+ {White mates.} Ke5 72. Kh5 Ke4 73. Kg4 Nf4 74. Kxg5 Ne6+ 75. Kf6 Nf4 76. h4 Nh5+ 77. Kg6 Ng3 78. Rg1 Nf5 79. Re1+ {Precision: White = 61%, Black = 39%.} 1-0

[Event "WYCC 2018 G14"]
[Site "Halkidiki"]
[Date "2018.10.29"]
[Round "10"]
[White "Divya Deshmukh"]
[Black "Lehaci, Miruna-Daria"]
[Result "1-0"]
[WhiteElo "2180"]
[BlackElo "1933"]
[Annotator "NA"]
[PlyCount "127"]
[EventDate "2018.10.20"]
[EventType "swiss"]
[EventCountry "GRE"]
[SourceTitle "playchess.com"]
[Source "ChessBase"]
[SourceQuality "1"]
[TimeControl "40/5400+30:1800+30"]

1. e4 {[%emt 0:00:00]} e6 {[%emt 0:00:00]} 2. Nf3 {[%emt 0:00:00]} d5 {[%emt 0:00:00]} 3. Nc3 {[%emt 0:00:00]} Nf6 {[%emt 0:00:00]} 4. e5 {[%emt 0:00:00]} Nfd7 {[%emt 0:00:00]} 5. d4 {[%emt 0:00:00]} c5 {[%emt 0:00:00]} 6. dxc5 {[%emt 0:00:00]} Bxc5 {[%emt 0:00:00]} 7. Bd3 {[%emt 0:00:04]} Nc6 {[%emt 0:00:00]} 8. Bf4 {[%emt 0:00:03] LiveBook: 526 Games} f6 {[%emt 0:00:10]} 9. exf6 {[%emt 0:13:04]} Qxf6 {[%emt 0:00:06]} 10. Bg3 {[%emt 0:08:51]} O-O {[%emt 0:01:24]} 11. O-O {[%emt 0:00:22]} Nd4 {[%emt 0:00:28]} 12. Be2 {[%emt 0:06:37]} Kh8 {[%emt 0:11:29]} 13. Kh1 {[%emt 0:03:58]} b6 {[%emt 0:07:56]} 14. Bh4 {[%emt 0:05:00]} Qf4 {[%emt 0:10:52]} 15. Bg5 $11 {[%emt 0:03:29]} Qf5 {[%emt 0:00:49]} 16. Nxd4 {[%emt 0:06:30]} Bxd4 {[%emt 0:00:08]} 17. Be7 {[%emt 0:00:14]} Bc5 {[%emt 0:16:01]} 18. Bd3 {[%emt 0:04:24]} Qf7 {[%emt 0:00:30]} 19. Bxf8 {[%emt 0:00:07]} Bxf8 {[%emt 0:00:20]} 20. f4 {[%emt 0:01:01]} g6 {[%emt 0:00:59]} 21. Qe2 {[%emt 0:04:23]} Nc5 {[%emt 0:04:20]} 22. b4 {[%emt 0:01:43]} Nxd3 {[%emt 0:02:28]} 23. Qxd3 {[%emt 0:00:11]} Bg7 {[%emt 0:01:34]} 24. Rae1 {[%emt 0:00:19]} Bd7 {[%emt 0:09:57]} 25. Nb5 {[%emt 0:04:04]} a5 {[%emt 0:02:28]} 26. a3 {[%emt 0:03:00]} Qf6 {[%emt 0:06:36]} 27. c3 {[%emt 0:04:25]} Qf5 {[%emt 0:02:09]} 28. Qxf5 {[%emt 0:04:24]} gxf5 {[%emt 0:00:22]} 29. Nd4 {[%emt 0:00:03]} Kg8 {[%emt 0:03:39]} 30. Rb1 {[%emt 0:08:25]} a4 {[%emt 0:02:05]} 31. g3 {[%emt 0:01:41]} Rc8 {[%emt 0:00:52]} 32. Rbc1 {[%emt 0:00:08]} Kf7 {[%emt 0:00:47]} 33. Kg2 {[%emt 0:00:10]} h6 {[%emt 0:00:42]} 34. Kf3 {[%emt 0:00:17]} Rc4 {[%emt 0:00:28]} 35. Ke3 {[%emt 0:01:47]} h5 {[%emt 0:00:32]} 36. Kd3 {[%emt 0:00:54]} Bc8 {[%emt 0:01:50]} 37. Rb1 {[%emt 0:00:43]} Bd7 {[%emt 0:03:42]} 38. b5 {[%emt 0:06:51]} Bf8 {[%emt 0:03:03]} 39. Ra1 {[%emt 0:00:10]} Bd6 {[%emt 0:01:51]} 40. Rfb1 {[%emt 0:00:00]} Rc8 {[%emt 0:00:00]} 41. Ra2 {[%emt 0:09:10]} Kf6 {[%emt 0:06:17]} 42. Nf3 {[%emt 0:02:52]} Rc5 {[%emt 0:02:10]} 43. Rab2 {[%emt 0:01:54]} Rc4 {[%emt 0:03:13]} 44. Ne5 {[%emt 0:01:31]} Bxe5 {[%emt 0:01:49]} 45. fxe5+ {[%emt 0:00:04]} Kxe5 {[%emt 0:00:04]} 46. Rb4 {[%emt 0:00:39]} Rxb4 {[%emt 0:03:46]} 47. Rxb4 {[%emt 0:00:08]} Kd6 {[%emt 0:00:04]} 48. Kd2 {[%emt 0:00:28]} Kc5 {[%emt 0:00:57]} 49. Rxa4 {[%emt 0:00:06]} Bxb5 {[%emt 0:00:30]} 50. Ra8 {[%emt 0:00:05]} Bc6 {[%emt 0:04:16]} 51. Rh8 {[%emt 0:00:33]} d4 {[%emt 0:00:05]} 52. Rxh5 {[%emt 0:00:58]} dxc3+ {[%emt 0:00:36]} 53. Kxc3 {[%emt 0:00:03]} Kd5 {[%emt 0:00:05]} 54. Kd3 {[%emt 0:00:15]} Ke5 {[%emt 0:00:07]} 55. Ke3 {[%emt 0:00:27]} b5 {[%emt 0:00:30]} 56. g4 {[%emt 0:01:38]} Be8 {[%emt 0:00:28]} 57. Rh8 {[%emt 0:02:53]} f4+ {[%emt 0:00:04]} 58. Kf2 {[%emt 0:00:03]} Bg6 {[%emt 0:00:06]} 59. h4 {[%emt 0:00:16]} Be4 {[%emt 0:00:06]} 60. Rf8 {[%emt 0:00:04]} Bc2 {[%emt 0:00:52]} 61. h5 {[%emt 0:00:24]} Bh7 {[%emt 0:01:31]} 62. h6 {[%emt 0:00:43]} Ke4 {[%emt 0:00:06]} 63. Rf7 {[%emt 0:00:04]} e5 {[%emt 0:00:36]} 64. Rxh7 {[%emt 0:00:06]} 1-0